Christology in cultural perspective (Record no. 20457)

MARC details
000 -LEADER
fixed length control field 00334nam a22001337a 4500
020 ## - INTERNATIONAL STANDARD BOOK NUMBER
ISBN 978-0-8028-2792
082 ## - DEWEY DECIMAL CLASSIFICATION NUMBER
Classification number 232 GRE
100 ## - MAIN ENTRY--AUTHOR NAME
Author name Greene, Colin J. D.
245 ## - TITLE STATEMENT
Title Christology in cultural perspective
260 ## - PUBLICATION, DISTRIBUTION, ETC. (IMPRINT)
Place of publication Michigan, USA
Name of publisher Wm. B. Eerdmans Publishing Co.
Year of publication 2004
300 ## - PHYSICAL DESCRIPTION
Number of Pages 431
650 ## - SUBJECT ADDED ENTRY--TOPICAL TERM
Topical Term Christology
942 ## - ADDED ENTRY ELEMENTS (KOHA)
Koha item type Books
Holdings
Home library Current library Shelving location Date acquired Full call number Accession Number Koha item type
Henry Martyn Institute Library Henry Martyn Institute Library General stacks 06/07/2017 232 GRE 11003494 Books
                   Copyright © 2026 | Henry Martyn Institute | Hyderabad | TS-500052 | INDIA | Implemented by hmi.edu.in
Hit-Count:

Powered by Koha